Στοιχεία στατιστικής : στατιστικές μέθοδοι εφηρμοσμένες στην ψυχολογία και την παιδαγωγικήν
Αποθηκεύτηκε σε:
| Κύριος συγγραφέας: | |
|---|---|
| Μορφή: | Βιβλίο |
| Γλώσσα: | Greek |
| Δημοσίευση: |
Αθήναι :
Ο.Ε.Δ.Β.,
1982
|
| Έκδοση: | 2η έκδ. |
| Θέματα: | |
| Ετικέτες: |
Προσθήκη ετικέτας
Δεν υπάρχουν, Καταχωρήστε ετικέτα πρώτοι!
|
MARC
| LEADER | 00000cam a2200000 i 4500 | ||
|---|---|---|---|
| 001 | 1/73834 | ||
| 008 | 961126s1982 gr | ||| |||| ||gre|| | ||
| 035 | |a 1996 |b 3 |c Δωρεά |l 10031624 | ||
| 040 | |a GR-MY-UA |b gre |e aacr | ||
| 041 | 0 | |a gre | |
| 082 | 0 | |a 519 | |
| 100 | 1 | |a Τσάκαλος, Παναγιώτης. | |
| 245 | 1 | 0 | |a Στοιχεία στατιστικής : |b στατιστικές μέθοδοι εφηρμοσμένες στην ψυχολογία και την παιδαγωγικήν / |c Παναγιώτου Τσάκαλου |
| 250 | |a 2η έκδ. | ||
| 260 | |a Αθήναι : |b Ο.Ε.Δ.Β., |c 1982 | ||
| 300 | |a 244 σ. | ||
| 650 | 0 | 0 | |a Educational statistics. |
| 650 | 0 | 0 | |a Psychology |x Statistical methods. |
| 852 | |a INST |b RHODES |e 19961126 |h 519 ΤΣΑ |p 005400006962 |q 005400006962 |t BK |y 0 | ||
| 909 | |a Ρ |b 042948 |c 1996 | ||
| 970 | |z 2000/06/ΟΙΚΟΝΟΜΟΠΟΥΛΟΥ (SUBJECT) | ||